00356nam a2200157Ia 4500008004100000020001500041041001200056082001100068100001400079245002400093250000800117260003600125300000800161650001600169700001300185221030s9999 xx 000 0 und d a8170085497 aEnglish a105.23 aP. Loshin 0aElectronic Commerce a4th bFirewall MediaaNew Delhic2007 a472 aBE Computer aJ. Vacca